LEADER 01126nam a2200277 i 4500 001 000000192781 003 CaOOAMICUS 005 20100929000000.0 008 100929s1943 it u000 u ita u 013 $a171415 040 $aSeMil$bita 100 1 $aChateaubriand, François René : de,$d<1768-1848>.$0(OLS)http://semarc/name/7109 240 10$aVie de Rancé.$0(OLS)http://semarc/title/277885 245 10$aVita di Rancé /$cDi F. R. De Chateaubriand ; A cura di Giuseppe Aventi. 250 $a2. ed. 260 $aMilano :$bBompiani,$c1943. 300 $a243 p. ;$c18 cm. 490 0 $aCorona : collezione universale Bompiani ;$v24 500 $aContiene : Notizia biografica. 650 4$aRance, Armand : de.$0(OLS)http://semarc/subject/35927 700 1 $aAventi, Giuseppe.$0(OLS)http://semarc/name/70248 830 0$aCorona ;$v24.$0(OLS)http://semarc/title/20166 850 $aSeMil 852 $aSeMil$W1$xVenegono$y1$m3J III 70$j143356$B143356$CSeMilBibl$Z2$F154815 $81 996 $6245$aVita di Rancé$9(OLS)http://semarc/title/277884 996 $6260$aMilano :$bBompiani$9(OLS)http://semarc/publisher/29706 LEADER 00677nab a2200181 i 4500 001 000000286009 003 CaOOAMICUS 005 20180831165324.0 008 180831n xx uu u0 0und r 013 $a39566 040 $aSeMil$bita 245 10$a[SENZA TITOLO]. - 15 p. 500 $aAprile-Giugno 2006. 650 4$aConcilio Vaticano II <1962-1965> - Dichiarazioni . Nostra Aetate.$0(OLS)http://semarc/subject/8884 650 4$aHartman, David.$0(OLS)http://semarc/subject/43189 650 4$aMillu, Liana <1914-2005>.$0(OLS)http://semarc/subject/43179 773 0 $t2003-2007.$dMilano : [s.n.], 2007.$w()240680 996 $6245$a[SENZA TITOLO]. - 15 p.$9(OLS)http://semarc/title/366434